00520nam a2200193 a 4500001001300000003000900013005001700022008004100039020002300080082001500103100002000118245003600138260003500174300000900209500003500218505003400253650001900287700002000306nice12345678IN_TiNIC20260116013724.0050524s1998 dela grp 000 0 eng  a8174882 c30000a907.2bBAJ aBajaj, Satish K aRecent Trends in Historiography aDelhibAnmol Publishers c1998 a164p aincludes index and biblioraphy2 aAppendix, Bibliography, Index aHistoriography1 aBajaj, Satish K